H. G. Wells ; a biography /

Bibliographic Details
Main Author: MacKenzie, Norman, 1921-2013
Other Authors: MacKenzie, Jeanne
Format: Book
Language:English
Published: New York : Simon and Schuster, [1973]
Subjects:

MARC

Tag First Indicator Second Indicator Subfields
LEADER 00000cam a2200000 4500
001 in00000048482
005 20151007071628.0
008 731001s1973 nyua b 00110beng
010 |a  73001184  
019 |a 1134338 
020 |a 0671215205  |c $10.00 
035 |a (OCoLC)00722922 
035 |9 AAE6336AM 
040 |a DLC  |c DLC  |d TXA  |d UtOrBLW 
049 |a TXAM [Also in] [Sp Coll]  |c 1 [715552]  |a TXAS  |c 2 [1102906] 
050 0 0 |a PR5776  |b .M3 1973b 
082 0 |a 823/.9/12  |a B 
100 1 |a MacKenzie, Norman,  |d 1921-2013. 
245 1 0 |a H. G. Wells ;  |b a biography /  |c by Norman and Jeanne MacKenzie. 
264 1 |a New York :  |b Simon and Schuster,  |c [1973] 
264 4 |c [©1973] 
300 |a xvi, 487 pages :  |b illustrations ;  |c 25 cm. 
336 |a text  |b txt  |2 rdacontent 
337 |a unmediated  |b n  |2 rdamedia 
338 |a volume  |b nc  |2 rdacarrier 
504 |a Bibliography: pages 469-474. 
600 1 0 |a Wells, H. G.  |q (Herbert George),  |d 1866-1946. 
700 1 |a MacKenzie, Jeanne. 
999 |a MARS 
999 f f |s 82346088-05f0-3027-8be3-0c574ba5168c  |i d6a6f525-224d-33e7-8879-981787839ee6  |t 0 
952 f f |p noncirc  |a Texas A&M University  |b College Station  |c Cushing Memorial Library & Archives  |d Cushing: Science Fiction (Does not check out)  |t 0  |e PR5776 .M3 1973b  |h Library of Congress classification  |i unmediated -- volume  |m A14800388544 
952 f f |p normal  |a Texas A&M University  |b College Station  |c Sterling C. Evans Library  |d Evans: Library Stacks  |t 0  |e PR5776 .M3 1973b  |h Library of Congress classification  |i unmediated -- volume  |m A14803982282 
998 f f |a PR5776 .M3 1973b  |t 0  |l Cushing: Science Fiction (Does not check out) 
998 f f |a PR5776 .M3 1973b  |t 0  |l Evans: Library Stacks